Plaatsen in Nederland met meer dan 1 treinstation - Statistieken

Algemene statistieken
  • Deze quiz is 122 keer genomen
    111 sinds de laatste reset
  • De gemiddelde score is 83 van 178
Antwoordstatistieken
Plaats Station % Correct
Arnhem Arnhem Centraal
87%
Nijmegen Nijmegen
85%
Almelo Almelo
80%
Enschede Enschede
80%
Almere Poort
79%
Apeldoorn Apeldoorn
79%
Rotterdam Rotterdam Centraal
79%
Deventer Deventer
77%
Emmen Emmen
77%
Groningen Groningen
77%
Harlingen Harlingen
77%
Hengelo Hengelo
77%
Amsterdam Amsterdam Centraal
75%
Amsterdam Zuid
75%
Barneveld Barneveld
75%
Den Haag Den Haag Centraal
75%
Geleen Geleen Lutterade
75%
Gouda Gouda
75%
Leeuwarden Leeuwarden
75%
Oss Oss
75%
Venlo Venlo
75%
Doetinchem Doetinchem
74%
Heerlen Heerlen
74%
Leiden Leiden Centraal
74%
‘s Hertoghenbosch ‘s Hertoghenbosch
74%
Sneek Sneek
74%
Tiel Tiel
74%
Winterswijk Winterswijk
74%
Zwolle Zwolle
74%
Den Helder Den Helder
72%
Sliedrecht Sliedrecht
72%
Tilburg Tilburg
72%
Utrecht Utrecht Centraal
72%
Delft Delft
70%
Delfzijl Delfzijl
70%
Diemen Diemen
70%
Ede Ede-Wageningen
70%
Eindhoven Eindhoven Centraal
70%
Hoorn Hoorn
70%
Kerkrade Kerkrade
70%
Maastricht Maastricht
70%
Vlissingen Vlissingen
70%
Alkmaar Alkmaar
69%
Amersfoort Amersfoort Centraal
69%
Breda Breda
69%
Dordrecht Dordrecht
69%
Helmond Helmond
69%
Houten Houten
69%
Rotterdam Zuid
69%
Boskoop Boskoop
67%
Rotterdam Blaak
67%
Eygelshoven Eygelshoven
66%
Soest Soest
66%
Waddinxveen Waddinxveen
66%
Zaandam Zaandam
66%
Purmerend Purmerend
64%
Amsterdam Bijlmer-Arena
62%
Amsterdam Sloterdijk
62%
Rotterdam Noord
62%
Hilversum Hilversum
61%
Kampen Kampen
61%
Haarlem Haarlem
59%
Den Haag Laan van Noi
57%
Zoetermeer Zoetermeer
57%
Harlingen Haven
56%
Rotterdam Alexander
56%
Tilburg Universiteit
56%
Almere Almere Centrum
54%
Amersfoort Schothorst
52%
Groningen Europapark
52%
Amsterdam Amstel
51%
Arnhem Zuid
51%
Amersfoort Vathorst
49%
Amsterdam Rai
48%
Den Haag Holland Spoor
48%
Groningen Noord
48%
Nijmegen Lent
48%
Den Helder Zuid
46%
Diemen Zuid
46%
Ede Centrum
46%
Eindhoven Strijp-S
46%
Hilversum Mediapark
46%
Veenendaal Veenendaal Centrum
46%
Utrecht Leidsche Rijn
44%
Amsterdam Lelylaan
43%
Amsterdam Muiderpoort
43%
Enschede Kennispark
43%
Oss West
43%
‘s Hertoghenbosch Oost
43%
Veenendaal-de Klomp
43%
Gouda Goverwelle
41%
Kampen Zuid
41%
Nijmegen Goffert
41%
Utrecht Vaartsche Rijn
41%
Vlissingen Souburg
41%
Almere Muziekwijk
39%
Amsterdam Science Park
39%
Arnhem Velperpoort
39%
Barneveld Noord
39%
Barneveld Zuid
39%
Delft Campus
39%
Nijmegen Dukenburg
39%
Rotterdam Lombardijen
39%
Alkmaar Noord
38%
Almere Buiten
38%
Den Haag Mariahoeve
38%
Emmen Zuid
38%
Almelo de Riet
36%
Bussum Zuid
36%
Maastricht Noord
36%
Maastricht Randwyck
36%
Nijmegen Heyendaal
36%
Dordrecht Zuid
34%
Hengelo Oost
34%
Utrecht Maliebaan
34%
Veenendaal West
34%
Apeldoorn de Maten
33%
Hoogezand Hoogezand-Sappemeer
33%
Houten Castellum
33%
Soest Zuid
33%
Utrecht Overvecht
33%
Zoetermeer Oost
33%
Zwolle Stadshagen
33%
Amsterdam Holendrecht
31%
Arnhem Presikhaaf
31%
Breda Prinsenbeek
31%
Delfzijl West
31%
Hardinxveld Hardinxveld-Giessendam
31%
Hengelo Gezondheidspark
31%
Bussum Naarden-Bussum
31%
Santpoort Santpoort Noord
31%
Sneek Noord
31%
Utrecht Lunetten
31%
Enschede de Eschmarke
30%
Hilversum Sportpark
30%
Hoorn Kersenboogerd
30%
Leeuwarden Camminghaburen
30%
Santpoort Zuid
30%
Waddinxveen Noord
30%
Winterswijk West
30%
Vleuten
28%
Almere Oostvaarders
26%
Blerick
26%
Deventer Colmschate
26%
Doetinchem de Huet
26%
Lansingerland Zoetermeer
26%
Tiel Passewaaij
26%
Utrecht Terwijde
26%
Almere Parkwijk
25%
Apeldoorn Osseveld
25%
Den Haag Moerwijk
25%
Geleen Oost
25%
Tilburg Reeshof
25%
Den Haag Ypenburg
23%
Helmond Brandevoort
23%
Purmerend Overwhere
23%
Soestdijk
21%
Helmond ‘t Hout
20%
Utrecht Zuilen
20%
Dordrecht Stadspolders
18%
Eygelshoven Markt
18%
Leiden Lammerschans
18%
Sliedrecht Baanhoek
18%
Bovenkarspel Flora
16%
Hardinxveld Blauwe Zoom
16%
Helmond Brouwhuis
16%
Waddinxveen Triangel
16%
Heerlen Woonboulevard
15%
Purmerend Weidevenne
15%
Spaarnwoude
15%
Zaandam Zaanse Schans
15%
Boven Hardinxveld
13%
De Vink
13%
Boskoop Snijdelwijk
10%
Zaandam Kogerveld
10%
Chevremont
8%
Bovenkarspel Bovenkarspel-Grootebroek
5%
Martenshoek
5%
Geen overeenkomende quizzen gevonden
Scoreverdeling
Procent van Mensen met Elke Score
Percentiel versus Aantal Correcte Antwoorden
Uw Scoregeschiedenis
U heeft deze quiz nog niet genomen sinds de laatste reset